Spell the Marvel Character #136 - Statistics

General Stats
  • This quiz has been taken 19 times
  • The average score is 7 of 9
Answer Stats
Picture Answer % Correct
Ant-Man
93%
Man-Thing
86%
Marvel Girl
86%
Rocket Raccoon
86%
Emma Frost
79%
Lockjaw
79%
Ms. Marvel
79%
Viv Vision
64%
Stingray
57%
No matching quizzes found
Score Distribution
Percent of People with Each Score
Percentile by Number Answered
Your Score History
You have not taken this quiz